[Event "White Nights Open"]
[Site "St Petersburg RUS"]
[Date "2006.06.28"]
[Round "6"]
[White "Skrenev,S"]
[Black "Bazeev,G"]
[Result "0-1"]
[WhiteElo "2104"]
[BlackElo "2182"]

1.e4 c5 2.c3 Nf6 3.e5 Nd5 4.d4 cxd4 5.cxd4 d6 6.Bc4 e6 7.Nf3 Nc6 8.Qe2 Be7
9.O-O O-O 10.Nc3 Nxc3 11.bxc3 dxe5 12.dxe5 Qa5 13.Bd2 Rd8 14.Rfe1 Bd7 15.Rab1 Rab8
16.h4 Be8 17.h5 Rd7 18.Bb3 Rbd8 19.g4 Rd3 20.Rbd1 Rxf3 21.Qxf3 Nxe5 22.Qe2 Nd3
23.c4 Qc7 24.Rf1 Bc6 25.Ba5 Qxa5 26.Rxd3 Qf5 27.Rxd8+ Bxd8 28.f3 Bb6+ 29.Kh1 Qxg4
30.Qd3 Qh3+  0-1

[Event "34th World Open"]
[Site "Philadelphia USA"]
[Date "2006.06.29"]
[Round "2"]
[White "Coupet,P"]
[Black "Kunte,A"]
[Result "1-0"]
[WhiteElo "2283"]
[BlackElo "2536"]

1.e4 c5 2.c3 Nf6 3.e5 Nd5 4.d4 cxd4 5.Nf3 e6 6.cxd4 d6 7.Bc4 Nb6 8.Bg5 Be7
9.Bxe7 Qxe7 10.Bd3 dxe5 11.Nxe5 Nc6 12.Nxc6 bxc6 13.Qc2 Bb7 14.O-O h6 15.Nc3 Rd8
16.Rfd1 O-O 17.Na4 Nd5 18.Nc5 Rb8 19.a3 Rfd8 20.Rac1 Bc8 21.b4 Bd7 22.Nxd7 Rxd7
23.Qxc6 Rc7 24.Qa6 Nc3 25.Re1 Rbc8 26.Rc2 Qd7 27.Rd2 Nd5 28.Be4 Nb6 29.Rdd1 Rc3
30.g3 R8c7 31.d5 exd5 32.Qa5 R7c6 33.Bd3 Rf6 34.Qxa7 Qd8 35.a4 Rc7 36.Qxc7  1-0

[Event "56th ch-RUS w Top League"]
[Site "Orel RUS"]
[Date "2006.07.02"]
[Round "4"]
[White "Solovjova,V"]
[Black "Malysheva,P"]
[Result "0-1"]
[WhiteElo "2265"]
[BlackElo "2298"]

1.e4 c5 2.c3 Nf6 3.e5 Nd5 4.d4 cxd4 5.Nf3 e6 6.cxd4 d6 7.Bc4 Nc6 8.O-O Be7
9.Qe2 O-O 10.Nc3 dxe5 11.dxe5 Nxc3 12.bxc3 Qa5 13.Qe4 Qa4 14.Bd3 Qxe4 15.Bxe4 Bd7
16.Rb1 Rab8 17.Be3 Rfc8 18.Rfd1 Be8 19.Nd4 Nxe5 20.Bxb7 Rxc3 21.Be4 Rxb1
22.Rxb1 Rc8 23.h3 f5 24.Bb7 Rb8 25.Nxf5 Bf6 26.Nd6 Bg6 27.Rc1 a5 28.Rc8+ Rxc8
29.Bxc8 Kf8 30.Nb7 Nc4 31.Bxe6 Nxe3 32.fxe3 a4 33.Bd5 Ke7 34.Kf2 a3 35.Ke2 Bc3
36.e4 Kf6 37.Kd3 Ba1 38.Na5 Be8 39.Kc2 Bb5 40.Bc4 Ba4+ 41.Kd3 Ke5 42.g3 Bd7
43.Bg8 Bxh3 44.Nc4+ Kf6 45.Nxa3 h5 46.Nc4 g5 47.a4 h4 48.gxh4 gxh4 49.a5 Bf1+
50.Kd2 h3 51.Ne3 Ba6 52.Ng4+ Kg5 53.Be6 Kf4 54.Nh2 Kg3 55.Ng4 Be5 56.Ke3 Bf4+
57.Kd4 Be2 58.a6 Bb8 59.Nh2 Kxh2 60.e5 Bxa6 61.Bd5 Kg1 62.e6 Bd6 63.Ke4 Bf1
64.Kf5 Bg2  0-1

[Event "TESPO GM"]
[Site "Brno CZE"]
[Date "2006.07.03"]
[Round "5"]
[White "Petr,Ma"]
[Black "Bernasek,J"]
[Result "0-1"]
[WhiteElo "2416"]
[BlackElo "2452"]

1.e4 c5 2.c3 Nf6 3.e5 Nd5 4.d4 cxd4 5.Nf3 Nc6 6.cxd4 d6 7.Bc4 Nb6 8.Bb5 dxe5
9.Nxe5 Bd7 10.Nxd7 Qxd7 11.Nc3 e6 12.O-O Be7 13.Qg4 O-O 14.Rd1 Rfd8 15.Bh6 Bf6
16.Ne4 Qe7 17.Bxc6 bxc6 18.Bg5 Bxg5 19.Qxg5 Qxg5 20.Nxg5 Rd5 21.Nf3 c5 22.dxc5 Rxc5
23.Rac1 Rcc8 24.Kf1 Nd5 25.Ne5 Kf8 26.Nd3 Ke7 27.Ke2 Kd6 28.Rxc8 Rxc8 29.h4 Rc2+
30.Rd2 Rxd2+ 31.Kxd2 e5 32.g3 f6 33.a3 h5 34.Ne1 e4 35.Ng2 g5 36.Ne3 Ne7
37.Kc3 gxh4 38.gxh4 f5 39.b4 f4 40.Nc4+ Kd5 41.a4 Nf5 42.b5 Kc5 43.Nd2 Nd6
44.f3 e3 45.Ne4+ Nxe4+ 46.fxe4 f3 47.Kd3 f2 48.Ke2 Kb4  0-1

[Event "Trofeul Techirghiol"]
[Site "Techirghiol ROM"]
[Date "2006.07.03"]
[Round "3"]
[White "Tufa,M"]
[Black "Veneteanu,I"]
[Result "0-1"]
[WhiteElo "2118"]
[BlackElo "2244"]

1.e4 c5 2.c3 Nf6 3.f3 d5 4.e5 Nfd7 5.d4 e6 6.Be3 Nc6 7.Be2 cxd4 8.cxd4 Bb4+
9.Kf2 Ba5 10.a3 Bb6 11.f4 O-O 12.Nf3 f6 13.exf6 Nxf6 14.h3 Ne4+ 15.Kg1 Ng3
16.Rh2 Qf6 17.Nc3 Nf5 18.Bf2 Ncxd4 19.Ne5 Nxe2+ 20.Nxe2 Bxf2+ 21.Kxf2 Qh4+
22.Kg1 Ng3 23.Nd3 Bd7 24.Nd4 Qf6 25.Ne2 Nxe2+ 26.Qxe2 Bb5 27.Rd1 Rac8 28.g3 Rc6
29.Qe3 Bxd3 30.Qxd3 Rfc8 31.Re2 Rc1 32.Rxc1 Rxc1+ 33.Kg2 Rc4 34.Re5 g6 35.b3 Rc6
36.Qb5 Qf7 37.Qd3 Qc7 38.h4 Kf7 39.h5 Rc1 40.hxg6+ hxg6 41.Re2 Qc5 42.Re3 Rc2+
43.Kh3 Rc1 44.Kg2 Qc8 45.Re5 Qc3 46.Qb5 Qc6 47.Qd3 Rc3 48.Qb1 d4+  0-1

[Event "Masters"]
[Site "Marseille FRA"]
[Date "2006.07.04"]
[Round "6"]
[White "Verneuil,P"]
[Black "Savchenko,S"]
[Result "0-1"]
[WhiteElo "2146"]
[BlackElo "2495"]

1.e4 c5 2.c3 Nf6 3.e5 Nd5 4.d4 cxd4 5.Nf3 Nc6 6.Bc4 Nb6 7.Bb3 d5 8.exd6 Qxd6
9.cxd4 Be6 10.Nc3 Bxb3 11.Qxb3 e6 12.O-O Be7 13.Be3 O-O 14.Rac1 Qb4 15.Qc2 Rfd8
16.Rfd1 Rac8 17.a3 Qa5 18.Qe4 Qh5 19.b4 Bf6 20.g4 Qg6 21.g5 Be7 22.Qxg6 hxg6
23.Ne4 Nd5 24.Rc4 a5 25.bxa5 Nxa5 26.Ra4 Nc4 27.Rb1 b6 28.Bc1 f5 29.gxf6 gxf6
30.Ra7 Ra8 31.Rxe7 Nxe7 32.Nxf6+ Kg7 33.Bg5 Nd5 34.Ne5 Nxf6 35.Nxc4 Rxd4
36.Nxb6 Rxa3 37.Be3 Rg4+ 38.Kf1 Nd5 39.Nxd5 exd5 40.Rd1 Ra5 41.Bd4+ Kf7 42.f3 Rh4
43.Kg2 Ra2+ 44.Bf2 Rc4 45.Kg3 Rcc2 46.Be1 Rg2+ 47.Kf4 Rg1 48.Rb1 Re2 49.Rb7+ Re7
50.Rxe7+ Kxe7 51.Bh4+ Ke6 52.Bg3 Ra1 53.h4 Ra4+ 54.Ke3 Kf5 55.Kd3 Ra3+ 56.Ke2 d4
57.Bd6 Re3+ 58.Kf2 Re6 59.Bc5 d3 60.Be3 Re8 61.Bg5 Re2+ 62.Kf1 Ke5  0-1

[Event "34th World Open"]
[Site "Philadelphia USA"]
[Date "2006.07.04"]
[Round "8"]
[White "Revesz,Z"]
[Black "Collier,P"]
[Result "1-0"]
[WhiteElo "2161"]
[BlackElo "2116"]

1.e4 c5 2.c3 Nf6 3.e5 Nd5 4.Nf3 e6 5.Bc4 Nc6 6.d4 Qc7 7.O-O d6 8.Re1 dxe5
9.dxe5 Nb6 10.Bd3 Be7 11.Qe2 Bd7 12.a4 Na5 13.Bc2 c4 14.Nd4 a6 15.Nd2 Nd5
16.N2f3 h6 17.Bd2 g5 18.Rec1 b6 19.h3 O-O-O 20.b3 Rdg8 21.bxc4 Nxc4 22.Bd3 Nxd2
23.Bxa6+ Kd8 24.Qxd2 h5 25.c4 Nf4 26.Bb5 Ke8 27.a5 Bc5 28.axb6 Bxb6 29.c5 Ba7
30.Bxd7+ Qxd7 31.c6 Qc7 32.Nb5 Qb6 33.Rxa7  1-0

[Event "XXXII Open"]
[Site "Badalona ESP"]
[Date "2006.07.05"]
[Round "4"]
[White "Cuartas,Ja"]
[Black "Fluvia,J"]
[Result "1-0"]
[WhiteElo "2466"]
[BlackElo "2482"]

1.e4 c5 2.c3 Nf6 3.e5 Nd5 4.Nf3 e6 5.d4 cxd4 6.cxd4 d6 7.a3 Nc6 8.Bc4 Be7
9.O-O O-O 10.Qe2 Na5 11.Ba2 b5 12.Qxb5 Bd7 13.Qd3 Rb8 14.Nc3 Nxc3 15.Qxc3 d5
16.b4 Nc4 17.Nd2 a5 18.Nxc4 axb4 19.Qg3 Bh4 20.Qg4 h5 21.Qxh5 dxc4 22.Bxc4 Bb5
23.Bxb5 Rxb5 24.Qg4 f5 25.exf6 Qxf6 26.Be3 bxa3 27.g3 Bg5 28.f4 Qg6 29.Rxa3 Qe4
30.Bf2 Bf6 31.Re3 Qf5 32.Qxf5 exf5 33.Rc3 Rd5 34.Rc5 Rfd8 35.Rxd5 Rxd5 36.Kg2 Kf7
37.Rc1 Rd6 38.Rc4 Ke6 39.Kf3 Ra6 40.h3 Ra3+ 41.Be3 Kd5 42.Rb4 Rd3 43.Rb5+ Kc4
44.Rc5+ Kb4 45.Ke2 Ra3 46.Bd2+  1-0

[Event "35th TCh-GRE"]
[Site "Ermioni GRE"]
[Date "2006.07.05"]
[Round "3"]
[White "Panagiotakos,N"]
[Black "Pavlidis,Ana"]
[Result "0-1"]
[WhiteElo "2065"]
[BlackElo "2120"]

1.e4 c5 2.c3 Nf6 3.e5 Nd5 4.d4 cxd4 5.cxd4 Nc6 6.Nf3 d6 7.Bc4 e6 8.O-O Be7
9.Qe2 O-O 10.Qe4 Ndb4 11.Bb3 Na5 12.Ba4 dxe5 13.dxe5 Qd5 14.Qg4 Qc4 15.Qxc4 Nxc4
16.Nbd2 Nb6 17.Bb3 Nd3 18.Ne4 Nd7 19.Nd6 N3xe5 20.Nxe5 Nxe5 21.Nxc8 Raxc8
22.Bd2 Bf6 23.Bc3 Ng4 24.Bd1 Bxc3 25.Bxg4 Bxb2 26.Rab1 Bd4 27.Rxb7 Rc2 28.a4 Ra2
29.Bd1 g6 30.Rd7 Rd2 31.Kh1 Rxf2 32.Rxf2 Bxf2 33.g4 Rb8 34.Kg2 Rb2 35.Kf3 Kg7
36.h3 h6 37.Be2 Bc5 38.Bb5 Rf2+ 39.Kg3 h5 40.Rb7 h4+ 41.Kxh4 Rg2 42.Bc6 Bf2+
43.Kg5 Be3+ 44.Kh4 Kh6  0-1

[Event "TESPO GM"]
[Site "Brno CZE"]
[Date "2006.07.07"]
[Round "9"]
[White "Pisk,P"]
[Black "Kadziolka,B"]
[Result "0-1"]
[WhiteElo "2357"]
[BlackElo "2359"]

1.e4 c5 2.c3 Nf6 3.e5 Nd5 4.d4 cxd4 5.Nf3 e6 6.cxd4 b6 7.Nc3 Nxc3 8.bxc3 Qc7
9.Bd2 Bb7 10.Bd3 d6 11.O-O Nd7 12.Re1 dxe5 13.Ng5 g6 14.Qg4 f5 15.Qh3 Qc6
16.Rab1 a6 17.c4 h6 18.d5 exd5 19.Bxf5 gxf5 20.Qh5+ Kd8 21.Nf7+ Kc7 22.Nxh8 dxc4
23.Qg6 Qxg6 24.Nxg6 Bd6 25.Bb4 Be4 26.Bxd6+ Kxd6 27.Rbd1+ Bd3 28.Re3 Rg8
29.Nh4 Ke6 30.Nf3 e4 31.Ne1 Kd5 32.Rh3 Rg6 33.Rh5 Ke5 34.f3 Nf6 35.Rh4 b5
36.Kf2 Nd5 37.Rh5 Kd4 38.Rxf5 e3+ 39.Kg1 e2 40.Rd2 Ne3 41.Rf8 Kc3 42.Rxd3+ cxd3
43.Rd8 Nxg2 44.Rxd3+ Kc4  0-1

[Event "FSIM July"]
[Site "Budapest HUN"]
[Date "2006.07.07"]
[Round "7"]
[White "Boe,M"]
[Black "Galyas,M"]
[Result "1/2-1/2"]
[WhiteElo "2334"]
[BlackElo "2390"]

1.e4 c5 2.c3 Nf6 3.e5 Nd5 4.d4 cxd4 5.Nf3 Nc6 6.cxd4 d6 7.Nc3 dxe5 8.dxe5 Nxc3
9.Qxd8+ Nxd8 10.bxc3 Bd7 11.Nd4 Rc8 12.Be3 e6 13.Kd2 Bc5 14.Rb1 a6 15.f4 f6
16.exf6 gxf6 17.Be2 O-O 18.Bf3 e5 19.fxe5 fxe5 20.Nc2 Be6 21.a4 Rf7 22.Rhe1 Rd7+
23.Kc1 Rd3 24.Bd2 Be7 25.Rxe5 Bf6 26.Re3 Rxe3 27.Nxe3 Bxc3 28.Bxc3 Rxc3+
29.Kd2  1/2-1/2

[Event "FSIM July"]
[Site "Budapest HUN"]
[Date "2006.07.09"]
[Round "9"]
[White "Pedersen,Da"]
[Black "Galyas,M"]
[Result "0-1"]
[WhiteElo "2294"]
[BlackElo "2390"]

1.e4 c5 2.c3 Nf6 3.e5 Nd5 4.d4 cxd4 5.Nf3 Nc6 6.Bc4 Nb6 7.Bb3 d5 8.exd6 Qxd6
9.O-O Be6 10.Na3 dxc3 11.Qe2 Bxb3 12.Nb5 Qb8 13.axb3 e5 14.Nfd4 Nxd4 15.Nxd4 f6
16.bxc3 Kf7 17.Nb5 a6 18.Be3 axb5 19.Bxb6 Rxa1 20.Rxa1 Qe8 21.Ra5 b4 22.c4 Qc6
23.Qe3 Be7 24.h3 Rc8 25.Rb5 Kg8 26.Ba5 Bc5 27.Qe2 b6 28.Bxb4 Bd4 29.Rd5 Qa8
30.Rd7 Qa1+ 31.Kh2 Qb1 32.Bc3 Qf5 33.Rxd4 exd4 34.Bxd4 b5 35.cxb5 Qxb5 36.b4 Rd8
37.Qa2+ Kh8 38.Bc5 Qb8+ 39.g3 Qe5 40.Qf7 Qf5 41.Qb7 h6 42.Be3 Rd5 43.Qc6 Kh7
44.Qc4 Rd1 45.Kg2 Qb1 46.Kf3 Qf5+ 47.Kg2 Rd5 48.Qe2 Rd3 49.Kh2 Qd5 50.Qf1 Rb3
51.Bc5 f5 52.Qg2 Qc4 53.Bd6 Rd3 54.Bc5 f4 55.g4 Rb3 56.Bd6 Qd4 57.Bc5 Qe5
58.Qg1 Qe2 59.Qg2 Qe5 60.Qg1 Qe4 61.Qg2 Qd3 62.Be7 Rb1 63.Bc5 f3  0-1

[Event "5th Open"]
[Site "La Fere FRA"]
[Date "2006.07.09"]
[Round "2"]
[White "Afek,Y"]
[Black "Ninov,N"]
[Result "1-0"]
[WhiteElo "2316"]
[BlackElo "2517"]

1.e4 c5 2.c3 Nf6 3.e5 Nd5 4.Nf3 d6 5.Bc4 Nb6 6.Bb3 c4 7.Bxc4 Nxc4 8.Qa4+ Nc6
9.Qxc4 dxe5 10.O-O Bf5 11.Nxe5 Nxe5 12.Qb5+ Qd7 13.Qxe5 f6 14.Qg3 Bd3 15.Re1 e5
16.b3 Bc5 17.Ba3 Bb6 18.c4 Bd4 19.Nc3 Bxc3 20.dxc3 O-O-O 21.Rad1 e4 22.Rxe4 Bxe4
23.Rxd7 Rxd7 24.h3 Re8 25.Bc5 Re5 26.Bxa7 b6 27.f3 Rxa7 28.fxe4 Rxa2 29.Qg4+ Kb8
30.Qxg7 Rg5 31.Qh8+ Kc7 32.Qxh7+ Kd6 33.e5+ Kxe5 34.Qb7 Rd2 35.Qf3 Rb2 36.b4 f5
37.Qe3+ Kf6 38.Qxb6+ Kf7 39.Qb7+ Kg6 40.c5 Rg3 41.Qa8 f4 42.Qe4+ Kg5 43.c6 Re3
44.Qd5+ Kh6 45.h4 Rb1+ 46.Kh2 Rc1 47.Qg5+ Kh7 48.h5 Rexc3 49.h6 Rg3 50.Qxf4 Rgc3
51.Qg5  1-0

[Event "5th Open"]
[Site "La Fere FRA"]
[Date "2006.07.10"]
[Round "3"]
[White "Vandervorst,M"]
[Black "Grigorov,G"]
[Result "0-1"]
[WhiteElo "1932"]
[BlackElo "2425"]

1.e4 c5 2.c3 Nf6 3.d3 Nc6 4.f4 d6 5.Nf3 g6 6.Be2 Bg7 7.O-O O-O 8.Nbd2 b5
9.Rb1 b4 10.cxb4 Nxb4 11.a3 Nc6 12.Nc4 Rb8 13.Bd2 d5 14.exd5 Nxd5 15.Nce5 Nxe5
16.fxe5 Qc7 17.Qa4 Bf5 18.Ba5 Qb7 19.Bd2 Rbc8 20.Qc4 Nb6 21.Qf4 c4 22.Ne1 Qd5
23.Bc3 cxd3 24.Bf3 Qb5 25.Rd1 Rcd8 26.Rd2 Nc4 27.Rxd3 Bxd3 28.Nxd3 Rxd3 29.Be2 Qc5+
30.Kh1 Rxc3 31.bxc3 Nxe5 32.Qb4 Qxb4 33.cxb4 Rc8 34.g3 Rc2 35.Ba6 Ng4 36.h3 Rh2+
37.Kg1 Bd4+  0-1

[Event "3rd South Wales Int"]
[Site "Caerleon WLS"]
[Date "2006.07.12"]
[Round "7"]
[White "Schmitz,A"]
[Black "Radovanovic,J"]
[Result "1-0"]
[WhiteElo "2118"]
[BlackElo "2366"]

1.e4 c5 2.c3 Nf6 3.e5 Nd5 4.d4 cxd4 5.cxd4 Nc6 6.Nf3 d6 7.Bc4 e6 8.O-O Be7
9.Bd2 O-O 10.Nc3 Nb6 11.Bb3 dxe5 12.dxe5 Nd4 13.Nxd4 Qxd4 14.Qe2 Bd7 15.Rfd1 Qh4
16.Be3 f5 17.Bxb6 Bc6 18.Bxe6+ Kh8 19.Bc7 f4 20.Qg4 Qh6 21.Bd5 f3 22.Bxc6 Rf4
23.Qd7 Bc5 24.Bxf3  1-0

[Event "5th Open"]
[Site "La Fere FRA"]
[Date "2006.07.12"]
[Round "7"]
[White "Afek,Y"]
[Black "Lonnoy,R"]
[Result "1-0"]
[WhiteElo "2316"]
[BlackElo "1985"]

1.e4 c5 2.c3 Nf6 3.e5 Nd5 4.Nf3 e6 5.Bc4 Nb6 6.Bb3 d5 7.d4 Be7 8.Be3 cxd4
9.cxd4 Nc6 10.Nc3 Na5 11.Bc2 Nac4 12.Bc1 Bd7 13.O-O Bb4 14.Ne2 Rc8 15.a3 Be7
16.b3 Na5 17.Bd2 Na8 18.a4 Nc6 19.Nf4 Nb4 20.Bb1 Nc7 21.Nh5 O-O 22.Bxb4 Bxb4
23.Qd3 g6 24.Qe3 Be7 25.Qh6 Ne8 26.h4 f5 27.exf6 Bxf6 28.Nxf6+ Nxf6 29.Ne5 Be8
30.Bd3 Rc3 31.Rfc1 Rxc1+ 32.Rxc1 Qb6 33.Rc5 Nd7 34.Nxd7 Bxd7 35.Bxg6 hxg6
36.Qxg6+ Kh8 37.Rc3 Qb4 38.Rg3  1-0

[Event "Aegean Open"]
[Site "Agios Kirikos GRE"]
[Date "2006.07.14"]
[Round "4"]
[White "Pambalou,F"]
[Black "Tsanas,A"]
[Result "1/2-1/2"]
[WhiteElo "2127"]
[BlackElo "2286"]

1.e4 c5 2.c3 Nf6 3.e5 Nd5 4.d4 cxd4 5.Nf3 e6 6.cxd4 d6 7.Bc4 Nc6 8.O-O Be7
9.a3 O-O 10.Qe2 Kh8 11.Nc3 Nxc3 12.bxc3 d5 13.Bd3 f5 14.exf6 Bxf6 15.Bc2 Bd7
16.Re1 Qe7 17.h3 Rae8 18.Nh2 Qf7 19.f4 Nxd4 20.cxd4 Bxd4+ 21.Be3 Bxa1 22.Rxa1 Qf6
23.Rf1 e5 24.fxe5 Qxe5 25.Rxf8+ Rxf8 26.Nf3 Qh5 27.Nd4 Qxe2 28.Nxe2 b6 29.Nd4 Rc8
30.Kf2 Bb5 31.Bf5 Rf8 32.Kg3 Bc4 33.Kg4 Re8 34.Kf4  1/2-1/2

[Event "Inautomarket Open"]
[Site "Minsk BLR"]
[Date "2006.07.14"]
[Round "5"]
[White "Karavaev,V"]
[Black "Shaposhnikov,E"]
[Result "1/2-1/2"]
[WhiteElo "2430"]
[BlackElo "2547"]

1.e4 c5 2.c3 Nf6 3.e5 Nd5 4.Nf3 d6 5.d4 cxd4 6.Qxd4 e6 7.Nbd2 a6 8.Nc4 Nc6
9.Qe4 dxe5 10.Ncxe5 Nxe5 11.Qxe5 Qd6 12.Bc4 Qxe5+ 13.Nxe5 Bd6 14.Bxd5 exd5
15.Nd3 Bf5 16.Bf4 O-O-O 17.Bxd6 Bxd3 18.Bc5 Rhe8+ 19.Kd2 Bb5 20.Be3 Re6 21.h4 Rg6
22.g3 h5 23.a4 Bd7 24.Bd4 Rg8 25.b4 Re6 26.Rhe1 f6 27.Rxe6 Bxe6 28.b5 Bd7
29.Rb1 axb5 30.axb5 Kc7 31.b6+ Kd6 32.Ra1 Re8  1/2-1/2

[Event "COQ"]
[Site "Montreal CAN"]
[Date "2006.07.14"]
[Round "8"]
[White "Rozybakiyev,R"]
[Black "Wilkin,A"]
[Result "1/2-1/2"]
[WhiteElo "2039"]
[BlackElo "1937"]

1.e4 c5 2.c3 Nf6 3.e5 Nd5 4.d4 cxd4 5.cxd4 e6 6.Nc3 Nxc3 7.bxc3 d6 8.Nf3 Be7
9.Bd3 Nc6 10.Bf4 dxe5 11.Nxe5 Nxe5 12.Bxe5 Bd7 13.Qg4 Bf6 14.Bxf6 Qxf6 15.O-O g6
16.Rfe1 O-O 17.Re3 Rac8 18.Be4 Bc6 19.Bxc6 Rxc6 20.Rb1 b6 21.Rf3 Qg7 22.h4 Rfc8
23.Qg3 a6 24.Re1 Rd8 25.Re5 b5 26.Qg5 Rcd6 27.a3 h6 28.Qf4 Rd5  1/2-1/2

[Event "COQ"]
[Site "Montreal CAN"]
[Date "2006.07.14"]
[Round "8"]
[White "Masse,H"]
[Black "Sullivan,N"]
[Result "0-1"]
[WhiteElo "2178"]
[BlackElo "2123"]

1.e4 c5 2.c3 Nf6 3.e5 Nd5 4.Nf3 e6 5.Bc4 d6 6.O-O Nb6 7.Bb3 Nc6 8.exd6 Bxd6
9.d4 O-O 10.Re1 Re8 11.dxc5 Bxc5 12.Qxd8 Rxd8 13.Bf4 Nd5 14.Bg3 b6 15.Nbd2 Bb7
16.Rad1 h6 17.Nc4 Rac8 18.Nce5 Nxe5 19.Bxe5 Ne7 20.Nd2 Kf8 21.Bc2 Bd6 22.Bxd6 Rxd6
23.Ne4 Bxe4 24.Bxe4 Rcd8 25.Bf3 Ke8 26.Kf1 Rd2 27.Rxd2 Rxd2 28.Rb1 Nf5 29.Ke1 Rd8
30.Rd1 Rc8 31.g3 Ke7 32.Kd2 Nd6 33.Kc2 Rc5 34.Bg2 Rf5 35.Rd2 Ra5 36.Kb1 Re5
37.Bf3 Nc4 38.Re2 Rc5 39.Kc2 Nd6 40.Rd2 Nc4 41.Re2 f5 42.b3 Nd6 43.Bg2 Kf6
44.f4 g5 45.Kd3 Rc7 46.c4 Nf7 47.Rd2 e5 48.fxe5+ Nxe5+ 49.Ke2 Ng4 50.Rd6+ Kg7
51.h3 Re7+ 52.Kd3 Ne5+ 53.Kd4 Nf7 54.Rc6 f4 55.gxf4 gxf4 56.Rc8 Ng5 57.h4 f3
58.Bf1 Ne4 59.b4 Ng3 60.Bh3 Ne2+ 61.Kd5 Nf4+ 62.Kd6 Re1 63.Rc7+ Kg6 64.h5+ Nxh5
65.c5 Nf4 66.cxb6 axb6 67.Rc3 f2 68.Rg3+ Kh5 69.Kc6 Nxh3 70.Rf3 f1=Q 71.Rxf1 Rxf1
72.a4 Rf6+  0-1

[Event "21st North Sea Cup"]
[Site "Esbjerg DEN"]
[Date "2006.07.15"]
[Round "9"]
[White "Hansen,I"]
[Black "Grove,P"]
[Result "0-1"]
[WhiteElo "1998"]
[BlackElo "1942"]

1.e4 c5 2.c3 Nf6 3.d3 d5 4.e5 Nfd7 5.d4 e6 6.Nf3 Qb6 7.Be2 cxd4 8.cxd4 Bb4+
9.Nc3 O-O 10.O-O f6 11.Be3 Bxc3 12.bxc3 fxe5 13.dxe5 Qc7 14.Bd4 Nc6 15.Ng5 Ndxe5
16.Bb5 Qe7 17.Be3 a6 18.Ba4 h6 19.Nh3 Nc4 20.Bc1 Nb6 21.Bc2 e5 22.Rb1 Bxh3
23.gxh3 Qd8 24.Qd3 e4 25.Qg3 Rf3 26.Qg4 Rf6 27.Be3 Ne5 28.Qh5 Nf3+ 29.Kg2 Rg6+
30.Qxg6 Nh4+ 31.Kh1 Nxg6 32.Rxb6 Ne5 33.Rg1 Qc7 34.Rg3 Nc4 35.Rbg6 Nxe3 36.Rxe3 Rf8
37.Bb3 Qe5 38.Kg1 Rf3 39.Rg3 Qf5 40.Re2 b5 41.Rg4 Kh8 42.Rg3 b4 43.cxb4 d4
44.Rc2 Rxg3+ 45.hxg3 d3 46.Rc5 Qxh3 47.Re5 d2 48.Rxe4 Qd7 49.Bd1 Qd3 50.Re2 Qc3
51.Kf1 Kh7 52.Re3 Qc4+ 53.Kg2 Qc1 54.Bg4 d1=Q 55.Bxd1 Qxd1 56.a3 Qd5+ 57.Kh2 g5
58.g4 Qd6+ 59.Rg3 Kg7 60.Kg2 Qd5+ 61.Kh2 Qe5 62.Kg2 Qe4+ 63.Kg1 Qe1+ 64.Kg2 Qe2
65.Kg1 Kf6 66.Kg2 Qd1 67.Rf3+ Ke5 68.Rg3 Kd5 69.Kh2 Kc4 70.Kg2 Kb5 71.Kh2 Ka4
72.Rh3 Qxg4 73.Rxh6 Qc4 74.Rh3 Qf1 75.f3 Kxa3 76.f4+ Qxh3+  0-1

[Event "Inautomarket Open"]
[Site "Minsk BLR"]
[Date "2006.07.15"]
[Round "6"]
[White "Karavaev,V"]
[Black "Zhigalko,A"]
[Result "0-1"]
[WhiteElo "2430"]
[BlackElo "2542"]

1.e4 c5 2.c3 Nf6 3.e5 Nd5 4.Nf3 Nc6 5.Bc4 Nb6 6.Bb5 a6 7.Be2 g6 8.d4 cxd4
9.cxd4 d6 10.O-O Bg7 11.Bf4 dxe5 12.dxe5 O-O 13.Nc3 Bf5 14.Qc1 Nd7 15.Rd1 Qa5
16.Rd5 Qb6 17.Na4 Qb4 18.Nc5 Nxc5 19.Rxc5 Rfd8 20.a3 Qe4 21.Bf1 Nd4 22.Nxd4 Rxd4
23.Bg3 Be6 24.Qc3 Rad8 25.Re1 Qf5 26.Rc7 h5 27.h4 Bh6 28.Qc2 Qxc2 29.Rxc2 Rd2
30.Rc7 Rxb2 31.Rxe7 Bf8 32.Rc7 Bxa3 33.Bf4 Rc8 34.Rxc8+ Bxc8 35.Bg5 Kf8 36.Bc1 Rb3
37.Bc4 Rc3 38.Bh6+ Ke8 39.Bd5 Bc5 40.Re2 Bg4 41.Ra2 Be6 42.Rd2 Bxd5 43.Rxd5 Ke7
44.Bg7 Ke6 45.Rd8 Be7 46.Re8 Kd7 47.Rb8 Rb3 48.g3 a5 49.Ra8 Bd8 50.Kf1 Ra3
51.Ke2 Ra2+ 52.Ke3 Bb6+ 53.Ke4 Rxf2 54.Bf6 Re2+ 55.Kd5 Rd2+ 56.Kc4 Kc6 57.Kc3 Rd7
58.Rg8 Kd5 59.Kb3 Bf2 60.Ra8 b6 61.Rb8 Ke4 62.Re8 Kf5 63.Rb8 Kg4 64.Kc4 Kxg3
65.Kb5 Kg4 66.Ra8 Bxh4 67.Kc6 Rd1 68.Bg7 Bg3 69.Rf8 h4  0-1

[Event "Oklahoma State Championship"]
[Site "Oklahoma City USA"]
[Date "2006.07.15"]
[Round "2"]
[White "Orton,W"]
[Black "Trammell,G"]
[Result "1-0"]
[WhiteElo "2137"]
[BlackElo "2079"]

1.e4 c5 2.c3 Nf6 3.e5 Nd5 4.d4 cxd4 5.cxd4 d6 6.Nf3 Nc6 7.Bc4 Nb6 8.Bb3 e6
9.Qe2 dxe5 10.dxe5 Bb4+ 11.Nbd2 Nd4 12.Nxd4 Qxd4 13.O-O Bd7 14.Rd1 Bc6 15.Nc4 Qh4
16.Nxb6 axb6 17.Be3 Qe4 18.Qf1 Qxe5 19.Bxb6 Bd6 20.g3 h5 21.Qd3 Be7 22.Rac1 Qe4
23.Qxe4 Bxe4 24.Ba4+ Kf8 25.Bb5 f5 26.a4 Kf7 27.Rd7 Rac8 28.Rcc7 Rxc7 29.Rxc7 Kf6
30.Bd4+ e5 31.Bxe5+ Kxe5 32.Rxe7+ Kf6 33.Rd7 h4 34.Be2 hxg3 35.fxg3 g5 36.Rd2 Rc8
37.Bd1 g4 38.Kf2 Rh8 39.Ke3 Ke5 40.Bc2 Bc6 41.b4 Bf3 42.Bd3 Rc8 43.Rc2 Rh8  1-0

[Event "3rd ACT"]
[Site "Amsterdam NED"]
[Date "2006.07.17"]
[Round "3"]
[White "Van Oosterom,C"]
[Black "Keessen,AJ"]
[Result "1/2-1/2"]
[WhiteElo "2343"]
[BlackElo "2234"]

1.e4 c5 2.c3 Nf6 3.e5 Nd5 4.Nf3 e6 5.d4 cxd4 6.cxd4 d6 7.Bc4 Nb6 8.Bd3 dxe5
9.dxe5 N8d7 10.O-O Nc5 11.Bc2 Qxd1 12.Rxd1 Bd7 13.Nc3 Rc8 14.Be3 Nc4 15.Bc1 Bc6
16.Rd4 Nb6 17.Rf4 Be7 18.Nd4 O-O 19.Rg4 Rfd8 20.Nxc6 Rxc6 21.Bh6 Bf8 22.Bg5 Rd7
23.Rg3 Rd4 24.b3 Ncd7 25.Ne2 Rb4 26.Bb1 Nxe5 27.a3 Rg4 28.Rxg4 Nxg4 29.Be4 Nd5
30.Rd1 h6 31.Bc1 Bc5 32.Rf1 f5 33.Bxd5 exd5 34.h3 Nf6 35.b4 Bb6 36.Be3 Bxe3
37.fxe3 g6 38.Nd4 Rc3 39.g4 Rxe3 40.gxf5 gxf5 41.Nxf5 Rxh3 42.Kg2 Rxa3 43.Nxh6+ Kg7
44.Nf5+ Kf7 45.Nd6+ Ke6 46.Nxb7 Ne4 47.Re1 Kd7 48.Rd1 Nc3 49.Rd4 Kc6 50.Nd8+ Kd6
51.Rd3 Nb1 52.Rd1 Ra2+ 53.Kf3 Nd2+ 54.Ke3 Nc4+ 55.Kd4 Rf2 56.Ra1 Rf4+ 57.Kc3 Rf3+
58.Kd4 Na3 59.Nf7+ Ke7  1/2-1/2

[Event "3rd ACT"]
[Site "Amsterdam NED"]
[Date "2006.07.19"]
[Round "5"]
[White "Van Oosterom,C"]
[Black "Timman,T"]
[Result "1-0"]
[WhiteElo "2343"]
[BlackElo "2260"]

1.e4 c5 2.c3 Nf6 3.e5 Nd5 4.Nf3 e6 5.d4 cxd4 6.cxd4 b6 7.Bd3 Bb7 8.O-O Be7
9.Nc3 Nxc3 10.bxc3 d6 11.Qe2 O-O 12.Bf4 dxe5 13.Nxe5 Nd7 14.a4 Nf6 15.Rfd1 Qd5
16.f3 Rac8 17.Rac1 Qd8 18.Bd2 Nd7 19.f4 g6 20.Bb1 Nf6 21.Ba2 Ba3 22.Rb1 Bd5
23.c4 Be4 24.Rb3 Bc2 25.Rxa3 Qxd4+ 26.Kf1 Bxd1 27.Qxd1 Ne4 28.Nd3 Rfd8 29.Be1 Rd7
30.Qf3 f5 31.c5 Re7 32.cxb6 Rc1 33.Nxc1  1-0

[Event "Sunny Pawn Open"]
[Site "Illichevsk UKR"]
[Date "2006.07.21"]
[Round "2"]
[White "Shtanko,D"]
[Black "Meribanov,V"]
[Result "1-0"]
[WhiteElo "2236"]
[BlackElo "1909"]

1.e4 c5 2.c3 Nf6 3.e5 Nd5 4.d4 cxd4 5.Nf3 Nc6 6.cxd4 d6 7.Bc4 e6 8.O-O Be7
9.a3 O-O 10.Qe2 Qb6 11.Rd1 Rd8 12.h4 dxe5 13.dxe5 Na5 14.Bxd5 Rxd5 15.Rxd5 exd5
16.Be3 Qd8 17.Nc3 Bxh4 18.Rd1 Be6 19.Nxd5 Bxd5 20.Qb5 a6 21.Qxd5 Be7 22.e6 f6
23.Nh4 g6 24.Qf3 Qe8 25.Rd7 Nc6 26.Rxb7 Qc8 27.Rb6 Ne5 28.Qd5 Rb8 29.Rxb8 Qxb8
30.b4 Ng4 31.Nf3 Nxe3 32.fxe3 Kg7 33.Qd7 Qd6 34.Nd4 f5 35.Qe8 Bg5 36.Kf2 f4
37.Qd7+ Be7 38.Qxd6 fxe3+ 39.Kxe3 Bxd6 40.Ke4 Kf6 41.Kd5 Bf8 42.Nc6 h5 43.a4  1-0

[Event "Czech Open A"]
[Site "Pardubice CZE"]
[Date "2006.07.21"]
[Round "1"]
[White "Blucha,D"]
[Black "Saric,Iv"]
[Result "1/2-1/2"]
[WhiteElo "2201"]
[BlackElo "2394"]

1.e4 c5 2.c3 Nf6 3.e5 Nd5 4.Nf3 Nc6 5.d4 cxd4 6.Bc4 e6 7.cxd4 d6 8.Qe2 Be7
9.O-O O-O 10.Rd1 Bd7 11.exd6 Bxd6 12.Nc3 Nxc3 13.bxc3 Ne7 14.Ng5 Nd5 15.Qd3 f5
16.Re1 Qf6 17.Bb3 b5 18.Qf3 Kh8 19.Nxe6 Bxe6 20.Bxd5 Bxd5 21.Qxd5 b4 22.Bd2 Rad8
23.Qe6 Qh4 24.g3 Qh5 25.Qe2 Qh3 26.Qf1 Qg4 27.Qe2 Qh3  1/2-1/2

[Event "Czech Open B1"]
[Site "Pardubice CZE"]
[Date "2006.07.21"]
[Round "1"]
[White "Cupal,M"]
[Black "Seyb,D"]
[Result "1/2-1/2"]
[WhiteElo "2071"]
[BlackElo "2295"]

1.e4 c5 2.c3 Nf6 3.e5 Nd5 4.d4 cxd4 5.Nf3 e6 6.cxd4 b6 7.Bc4 Bb7 8.O-O d6
9.Nc3 Nxc3 10.bxc3 Qc7 11.Bb5+ Bc6 12.Bd3 Nd7 13.Bf4 dxe5 14.Bxe5 Bd6 15.Bxd6 Qxd6
16.Re1 O-O 17.Ne5 Nxe5 18.Rxe5 Rfd8 19.Qg4 h6 20.Re3 Qe7 21.f4 Re8 22.Rae1 Qf6
23.Re5 Rac8 24.f5 exf5 25.Rxe8+ Rxe8 26.Rxe8+ Bxe8 27.Qxf5 Qxf5 28.Bxf5 Bb5
29.Kf2 Kf8 30.Ke3 Ke7 31.Bd3 Bc6 32.Be4 Bb5  1/2-1/2

[Event "Czech Open A"]
[Site "Pardubice CZE"]
[Date "2006.07.21"]
[Round "1"]
[White "Ekdyshman,M"]
[Black "Maurer,J"]
[Result "1-0"]
[WhiteElo "2397"]
[BlackElo "2205"]

1.e4 c5 2.c3 Nf6 3.e5 Nd5 4.d4 cxd4 5.Nf3 e6 6.cxd4 b6 7.Bc4 Ba6 8.Nbd2 Qc8
9.b3 b5 10.Bxd5 exd5 11.b4 Bxb4 12.Bb2 Nc6 13.Qb3 O-O 14.O-O Qe8 15.Qxd5 Qe6
16.Qe4 d5 17.exd6 Qxd6 18.d5 f5 19.Qd3 Rad8 20.Rac1 Rf7 21.Ng5 Rff8 22.Qh3 Qg6
23.Rxc6 Qxg5 24.Nf3 Qf4 25.Rxa6 Bc5 26.Ne5 Rxd5 27.Nd3 Qd2 28.Qg3 g6 29.Nxc5 Qxb2
30.Ne6 Rc8 31.h4 Re5 32.Qg5 Qe2 33.Nd4 Qd3 34.Nc6 b4 35.Qf6 Rf8 36.Qxe5 Qxa6
37.Nxb4  1-0